Responses for Show #5707 - Tuesday, June 2, 2009

Contestants

[<< previous game]

Ana Catalina Posada, a graduate student from Hanover, New Hampshire

Harris Cohen, a family physician from Lower Gwynedd, Pennsylvania

Sara Doran, an attorney from Chicago, Illinois (whose 1-day cash winnings total $38,800)

[next game >>]

Jeopardy! Round responses

SILENT PARTNERS
THE DAY THE MUSIC DIED
IT'S CHINATOWN, JAKE
15 MINUTES OF FAME
ANGRY MOMS OF FUTURE PRESIDENTS
(Alex: And you have to respond the way an angry mom would, giving the first, the middle and the last name.)
SIMILES
    $200 8
Alexander Graham Bell

Harris
    $200 6
Kurt Cobain

Harris
    $200 19
Manhattan

Harris
    $200 1
Bigfoot

Ana
    $200 15
Franklin Delano Roosevelt

Sara
    $200 2
coffee

Sara
    $400 11
Afghanistan

Sara
    $400 7
(Ritchie) Valens (or Buddy Holly or the Big Bopper)

Ana
    $400 25
San Francisco

Harris
    $400 21
eBay

Sara
    $400 16
Dwight David Eisenhower

Harris
    $400 3
eyes

Ana
    $600 13
(Ana: Who is Jay Leno?)

David Letterman

HarrisAna
    $600 9
(Sara: Who is...)
...
(Alex: [*], of The Doors, yes.)

Jim Morrison

SaraHarris
    $600 26
London

Ana
    $600 22
"Octomom"

Harris
    $600 17
(Sara: Who is William Jefferson Clinton?)

James Earl Carter

Sara
Triple Stumper
    $600 4
(Alex: Ana?)
(Ana: No idea!)

in like Flynn

Ana
    $800 29
[The end-of-round signal sounds.]

guitars

Ana
    $800 10
Tupac Shakur

Ana
    $800 27
Vancouver

Ana
    $800 23
Kevin Federline

Ana
    $800 18
(Harris: What is John Fitzgerald Kennedy?)

Lyndon Baines Johnson

HarrisAna
    $800 5
the wind

Harris
    $1000 12
Janis Joplin

Triple Stumper
    $1000 28
Hooters

Sara
    $1000 24
Spitzer

Harris
    $1000 20
Richard Milhous Nixon

Sara
    $1000 14
(Sara: What is hot?)

corny

Sara
Triple Stumper

Scores at the first commercial break (after clue 15):

Sara Harris Ana
-$800 $2,400 $600

Scores at the end of the Jeopardy! Round:

Sara Harris Ana
$1,000 $4,200 $4,400

Double Jeopardy! Round responses

IN THE YEAR 2000
ACTUAL ITEMS
TRIUMPH
IF THEY MATED
RICHTER (NOT ANDY)
CONAN O'BRIEN
(Alex: ...who, just this week, began hosting The Tonight Show.)
    $400 3
the death penalty (executions)

Ana
    $400 16
shoes

Sara
    $400 1
Best in Show

Sara
    $400 9
a zebra

Harris
    $400 21
California

Ana
    $400 8
Rockefeller

Ana
    $800 4
Taiwan

Triple Stumper
    $800 17
(Ana: What is the pencil lead?)

the eraser

HarrisAna
    $800 2
(Neil) Simon

Harris
    $800 10
goat & sheep

Harris
    $800 22
the epicenter

Harris
    $800 14
(Jack) Paar

Harris
    $1200 5
Oscar statues

Sara
    $1200 18
hammers

Harris
    $1200 28
(Sara: Who is Kathie Lee Gifford?)
...
[The end-of-round signal sounds.]

Diane Sawyer

Sara
Triple Stumper
    $1200 11
a liger

Ana
    $1200 23
magnitude

Triple Stumper
    $1200 15
(Harris: Who is Greene?)

Lorne Michaels

SaraHarris
    $1600 6
armored cars

Ana
    $1600 19
the champagne cork

Triple Stumper
    $1600 12
camel & llama

Harris
    $2,500 26
(Harris: What is the... United States Geology Service?)

United States Geological Survey

Harris
    $1600 24
Max Weinberg

Triple Stumper
    $2000 7
an exorcism

Harris
    $2000 20
darts

Ana
    $2000 13
grizzlies & polar bears

Ana
    $2000 27
amplitude

Ana
    $2000 25
Abe Vigoda

Triple Stumper

Scores at the end of the Double Jeopardy! Round:

Sara Harris Ana
$3,000 $9,700 $13,600

[wagering suggestions for these scores]

Final Jeopardy! Round responses

GEOGRAPHICAL LITERATURE
(Alex: I think Dolly Parton and Kenny Rogers had a big hit song with the same title.)
SaraWhat is The Old Man and the Sea?
$2,500
HarrisWhat is Old Man and the Sea?
$300
AnaWhat is The Old Man & the Sea?
$6,000
Islands in the Stream

Final scores:

Sara Harris Ana
$500 $9,400 $7,600
3rd place: $1,000 New champion: $9,400 2nd place: $2,000

Game dynamics:

Coryat scores:

Sara Harris Ana
$3,000 $12,200 $14,200
10 R,
4 W
19 R,
3 W
(including 1 DD)
17 R,
3 W
(including 1 DD)

Combined Coryat: $29,400

[game clues] [game scores] [suggest correction]

Game tape date: 2009-03-03
The J! Archive is created by fans, for fans. Scraping, republication, monetization, and malicious use prohibited; this site may use cookies and collect identifying information. See terms. The Jeopardy! game show and all elements thereof, including but not limited to copyright and trademark thereto, are the property of Jeopardy Productions, Inc. and are protected under law. This website is not affiliated with, sponsored by, or operated by Jeopardy Productions, Inc. Join the discussion at JBoard.tv.